00767 a2200181 45000010006000000050017000060080041000230030015000640400040000790800038001192450043001572500011002002640035002113000019002465050146002651000029004118560145004402607820260407155542.0260407a1978 arg spa dAR-UNSa-BCEJYS aAR-UNSa-BCEJYSbspacAR-UNSa-BCEJYS a657.372.2xEvaluación (revaluo)10aManual de revaluo contablepLey 19.742 a3a. ed 1aBuenos Aires :bCangalloc1978 a177 p.c23 cm. a1. Consideraciones generales - 2. Análisis de la ley 19.742 y de su reglamentación - 3. Casos prácticos - 4. Normas legales aplicables.1 aGuastavino, Luis María41uhttps://biblioeco.unsa.edu.ar/pmb/images/libros/Manual de revaluo contable Guastavino, Luis Mar?a (1978).jpgyImagen de portadaqimage/jpeg